02567nam a22004338i 4500001001900000003000500019005001700024006001900041007001500060008004100075010001700116020003700133020002700170024003100197035002200228040002600250041000800276050000900284072001800293072002500311082001700336245014100353246005000494300005200544490007100596490007200667504005100739520083000790546001201620650002801632650003301660700002701693700003201720700002901752776016301781830007201944830007302016856004402089BRILL9789004689190CUTN20260415154735.0m d cr un uuuua240416s2024 gw sb 001 0 eng d a 2024007253 a9789004689190q(electronic book) z9789004689183q(print)7 a10.1163/97890046891902DOI z(OCoLC)1417658256 aNL-LeKBcNL-LeKBerda aeng 4aD116 7aHBLC12bicssc 7aHISx0370102bisacsh04a940.107222310aMarxism and Medieval Studies :bMarxist Historiography in East Central Europe /cedited by Martin Nodl, Piotr Węcowski, Dušan Zupka.3 aMarxist Historiography in East Central Europe a1 online resource (406 pages) :billustrations.1 aEast Central and Eastern Europe in the Middle Ages, 450-1450 ;v931 aLate Antiquity and Medieval Studies E-Books Online, Collection 2024 aIncludes bibliographical references and index. aThis volume is a unique publication as it examines the Marxist attitudes in East Central European historiography and archaeology for the first time, with an emphasis on the co-existence of Marxist and other methodologies between the 1950s and 1970s in the local historiographies in question. Its approach is to distinguish between pseudo-Marxism as an ideological tool on the one hand, and Marxism in the form of historical materialism as a way to interpret the medieval world on the other. Contributors are: Florin Curta, Piotr Guzowski, Adam Hudek, Tereza Johanidesová, Jitka Komendová, Jiří Macháček, Andrzej Marzec, Martin Nodl, Attila Pók, David Radek, Tadeusz Paweł Rutkowski, Iurie Stamati, Rafał Stobiecki, Gábor Thoroczkay, Przemysław Wiszewski, Piotr Węcowski, Martin Wihoda, and Dušan Zupka. aEnglish 0aMarxian historiography. 0aMiddle AgesxHistoriography.1 aNodl, Martin,eeditor.1 aWęcowski, Piotr,eeditor.1 aZupka, Dušan,eeditor.08iPrint version:tMarxism and Medieval Studies : Marxist Historiography in East Central Europe.dLeiden ; Boston : Brill, 2024.z9789004689183w(DLC) 2024007252 0aEast Central and Eastern Europe in the Middle Ages, 450-1450 ;v93. 0aLate Antiquity and Medieval Studies E-Books Online, Collection 2024.4 uhttp://dx.doi.org/10.1163/9789004689190